000 00523nam a2200193Ia 4500
003 OSt
005 20250416143559.0
008 210719s1996 xx 000 0 und d
040 _cAL
041 _aEnglish
082 _a027.7 ALLA
100 _aALL INDIA Association for Christian higher education
_9160257
245 _aAcademic libraries in Peril: a status report on college libraries.
260 _aND
_bAIACHE
_c1996
300 _a38,ix
365 _cRs
650 _aLibrary Science
_9160258
942 _2ddc
_cBK
999 _c213221
_d213221